[Event "SG Niederkassel 1 - SF Brackel 1"]
[Site "NRW-Klasse - Gruppe 1 2018/20"]
[Date "2018.11.18"]
[Round "3.3"]
[White "Fluechter, Gregor"]
[Black "Guelsen, Taylan"]
[Result "1-0"]
[WhiteElo "2130"]
[BlackElo "2181"]
[PlyCount "99"]
[EventDate "2018.??.??"]
[WhiteTeam "SF Brackel 1"]
[BlackTeam "SG Niederkassel 1"]

1. e4 e5 2. Nf3 Nc6 3. Bc4 Bc5 4. b4 Bxb4 5. c3 Ba5 6. d4 d6 7. Qb3 Qd7 8. Nbd2
Bb6 9. dxe5 Na5 10. Qc2 Ne7 11. Ba3 O-O 12. exd6 cxd6 13. Bd3 Ng6 14. O-O Bc5
15. Bb2 Nf4 16. Nd4 Qg4 17. g3 Nc6 18. f3 Qg5 19. Kh1 Bh3 20. Rg1 Nxd3 21. Qxd3
Bd7 22. N2b3 Bb6 23. Rgd1 Ne5 24. Qe2 Qh5 25. Ba3 Bc7 26. Rf1 Rfe8 27. Nb5 Rac8
28. N3d4 d5 29. Nxa7 dxe4 30. Nxc8 exf3 31. Rxf3 Nxf3 32. Ne7+ Rxe7 33. Bxe7
Bxg3 34. Nxf3 Bc6 35. Rf1 Bxh2 36. Qxh2 Bxf3+ 37. Kg1 Qg6+ 38. Kf2 Qc2+ 39. Kg1
Qg6+ 40. Kf2 Qc2+ 41. Kg3 Be2 42. Re1 Qxc3+ 43. Kf2 Qf3+ 44. Kg1 Qg4+ 45. Qg2
Qd4+ 46. Kh1 Bg4 47. Bc5 Qd7 48. Qxg4 f5 49. Qc4+ Kh8 50. Qe6 1-0

[Event "SG Niederkassel 1 - SF Brackel 1"]
[Site "NRW-Klasse - Gruppe 1 2018/20"]
[Date "2018.11.18"]
[Round "3.4"]
[White "Rybarczyk, Klaus"]
[Black "Knudsen, Simon"]
[Result "1-0"]
[WhiteElo "2157"]
[BlackElo "2200"]
[PlyCount "57"]
[EventDate "2018.??.??"]
[WhiteTeam "SG Niederkassel 1"]
[BlackTeam "SF Brackel 1"]

1. Nf3 d5 2. g3 Nc6 3. d4 Bg4 4. Bg2 Qd7 5. c4 dxc4 6. d5 O-O-O 7. Nc3 Bxf3 8.
Bxf3 Ne5 9. Bg2 e6 10. Qd4 Nc6 11. Qxc4 Nb4 12. O-O exd5 13. Qb3 Nf6 14. Bg5 c6
15. Rac1 Kb8 16. Rfd1 Rc8 17. e4 d4 18. a3 Na6 19. Na4 Ne8 20. Be3 c5 21. Bf4+
Ka8 22. e5 h6 23. Rxd4 cxd4 24. Qxb7+ Qxb7 25. Rxc8+ Nb8 26. e6 Nd6 27. Bxd6
Bxd6 28. Rxh8 fxe6 29. Rd8 1-0

[Event "SG Niederkassel 1 - SF Brackel 1"]
[Site "NRW-Klasse - Gruppe 1 2018/20"]
[Date "2018.11.18"]
[Round "3.5"]
[White "Aulich, Marcell"]
[Black "Stanetzek, Carsten"]
[Result "1-0"]
[WhiteElo "2164"]
[BlackElo "2165"]
[PlyCount "43"]
[EventDate "2018.??.??"]
[WhiteTeam "SF Brackel 1"]
[BlackTeam "SG Niederkassel 1"]

1. e4 e5 2. Nf3 Nc6 3. Bc4 Bc5 4. c3 Nf6 5. d3 O-O 6. Nbd2 a5 7. O-O d6 8. Re1
Be6 9. Bb3 Qd7 10. Nf1 b5 11. d4 Bxb3 12. axb3 Bb6 13. Bg5 Qd8 14. Ng3 h6 15.
Bh4 exd4 16. cxd4 g5 17. Nxg5 hxg5 18. Bxg5 Bxd4 19. Rc1 Bxb2 20. Rxc6 Qe8 21.
Nf5 Qe6 22. Bxf6 1-0

[Event "SG Niederkassel 1 - SF Brackel 1"]
[Site "NRW-Klasse - Gruppe 1 2018/20"]
[Date "2018.11.18"]
[Round "3.6"]
[White "Dierkes, Tobias"]
[Black "Goldschmidt, Christian"]
[Result "1/2-1/2"]
[WhiteElo "2116"]
[BlackElo "2174"]
[Annotator "Daniel"]
[PlyCount "84"]
[EventDate "2018.??.??"]
[WhiteTeam "SG Niederkassel 1"]
[BlackTeam "SF Brackel 1"]

1. d4 d5 2. c4 e6 3. Nc3 c5 4. dxc5 d4 5. Ne4 Nf6 6. Nd6+ Bxd6 7. cxd6 Qxd6 8.
Nf3 Nc6 9. a3 e5 10. e3 Bg4 11. h3 Bh5 12. g4 Bg6 13. Bg2 O-O 14. O-O Rad8 15.
exd4 exd4 16. Bg5 h6 17. Bh4 Rfe8 18. Qb3 Rd7 19. Rfe1 Rxe1+ 20. Rxe1 Ne4 21.
Qd1 d3 22. Nd2 Nxd2 23. Qxd2 Qd4 24. Bg3 Qxc4 25. Bxc6 $11 Qxc6 26. Be5 Re7 27.
Bc3 Rxe1+ 28. Qxe1 f6 29. Qe3 Be4 30. Qxa7 Bh1 31. Qb8+ Kh7 32. Qh2 Bf3 33. Qf4
Qd5 34. Bd2 Bh1 35. Qh2 Bf3 36. Qf4 Bh1 37. Qh2 Qf3 38. Qxh1 Qd1+ 39. Kh2 Qxd2
40. Qe4+ Kg8 41. Qe8+ Kh7 42. Qe4+ Kg8 1/2-1/2

[Event "SG Niederkassel 1 - SF Brackel 1"]
[Site "NRW-Klasse - Gruppe 1 2018/20"]
[Date "2018.11.18"]
[Round "3.8"]
[White "Freundlieb, Thomas"]
[Black "Korten, Lando"]
[Result "0-1"]
[WhiteElo "2043"]
[BlackElo "2107"]
[PlyCount "114"]
[EventDate "2018.??.??"]
[WhiteTeam "SG Niederkassel 1"]
[BlackTeam "SF Brackel 1"]

1. d4 Nf6 2. Bf4 g6 3. Nc3 d5 4. e3 Bg7 5. h4 O-O 6. h5 Nxh5 7. Rxh5 gxh5 8.
Qxh5 c6 9. Bd3 f5 10. Nf3 Nd7 11. Qh3 Rf6 12. O-O-O Qe8 13. Bg5 Rf7 14. Rh1 Nf8
15. Bf4 Rf6 16. Bg5 Rg6 17. Ne2 e5 18. dxe5 Bxe5 19. Bxf5 Bxf5 20. Qxf5 Qe6 21.
Qd3 Re8 22. Bf4 Bf6 23. Ned4 Qe4 24. Qxe4 dxe4 25. Ne1 Bxd4 26. exd4 Ne6 27.
Be3 b5 28. c3 Nc7 29. Rh4 Nd5 30. Kd2 a5 31. b3 Rg7 32. c4 bxc4 33. bxc4 Nb6
34. Kc3 Rb7 35. Bc1 c5 36. dxc5 Na4+ 37. Kc2 Nxc5 38. Rh5 Rc8 39. Ba3 Nd3 40.
Nxd3 Rxc4+ 41. Kd2 Rd7 42. Rxa5 exd3 43. Rc5 Re4 44. Rc8+ Kg7 45. Bf8+ Kg6 46.
Rc6+ Kf5 47. Rd6 Ra7 48. Rd5+ Ke6 49. Rd6+ Ke5 50. Rxd3 Rxa2+ 51. Kd1 Rxf2 52.
Bd6+ Kf5 53. g3 h5 54. Bc5 Rg2 55. Bd6 Ra4 56. Ke1 Ra1+ 57. Rd1 Rg1+ 0-1

[Event "SG Porz 2 - SV Weidenau/Geisweid 1"]
[Site "NRW-Klasse - Gruppe 1 2018/20"]
[Date "2018.11.18"]
[Round "3.1"]
[White "Karthaeuser, Johannes"]
[Black "Suvorov, Alexander"]
[Result "0-1"]
[WhiteElo "2157"]
[BlackElo "2229"]
[PlyCount "64"]
[EventDate "2018.??.??"]
[WhiteTeam "SV Weidenau/Geisweid 1"]
[BlackTeam "SG Porz 2"]

1. e4 c5 2. c3 Nf6 3. e5 Nd5 4. d4 cxd4 5. Nf3 e6 6. cxd4 d6 7. Nc3 Nxc3 8.
bxc3 Qc7 9. Bb2 Nd7 10. exd6 Bxd6 11. Bd3 b6 12. O-O Bb7 13. c4 O-O 14. d5 e5
15. Ng5 Nf6 16. Qc2 h6 17. Ne4 Nxe4 18. Bxe4 Bc8 19. Qc3 Bd7 20. Rac1 f5 21.
Bb1 Rac8 22. Kh1 Rf7 23. Rfe1 e4 24. a3 Re8 25. Qb3 Qd8 26. Bd4 Qh4 27. g3 Qh3
28. Qe3 f4 29. gxf4 Qh5 30. Be5 Rxe5 31. fxe5 Bxe5 32. h3 Rf3 0-1

[Event "SG Porz 2 - SV Weidenau/Geisweid 1"]
[Site "NRW-Klasse - Gruppe 1 2018/20"]
[Date "2018.11.18"]
[Round "3.3"]
[White "Scholl, Patrick"]
[Black "Sabirov, Ramil"]
[Result "1/2-1/2"]
[WhiteElo "1954"]
[BlackElo "2111"]
[PlyCount "43"]
[EventDate "2018.??.??"]
[WhiteTeam "SV Weidenau/Geisweid 1"]
[BlackTeam "SG Porz 2"]

1. c4 c5 2. g3 g6 3. Bg2 Bg7 4. Nc3 Nc6 5. a3 d6 6. Rb1 a5 7. e3 e5 8. Nge2
Nge7 9. O-O O-O 10. d3 Bf5 11. h3 Rb8 12. Nb5 Qd7 13. Kh2 Be6 14. e4 Nd4 15.
Nexd4 exd4 16. b4 axb4 17. axb4 b6 18. Bf4 Be5 19. Bh6 Bg7 20. Bf4 Be5 21. Bh6
Bg7 22. Bf4 1/2-1/2

[Event "SG Porz 2 - SV Weidenau/Geisweid 1"]
[Site "NRW-Klasse - Gruppe 1 2018/20"]
[Date "2018.11.18"]
[Round "3.4"]
[White "Ramien, David"]
[Black "Meinhardt, Michael"]
[Result "1-0"]
[WhiteElo "2108"]
[BlackElo "2028"]
[PlyCount "63"]
[EventDate "2018.??.??"]
[WhiteTeam "SG Porz 2"]
[BlackTeam "SV Weidenau/Geisweid 1"]

1. e4 c6 2. Nc3 d5 3. Nf3 Bg4 4. h3 Bxf3 5. Qxf3 e6 6. d3 Nd7 7. Bd2 Bd6 8. Qg4
Ngf6 9. Qxg7 Rg8 10. Qh6 Rg6 11. Qe3 e5 12. exd5 cxd5 13. Nb5 Bc5 14. d4 Bb6
15. Bb4 Ba5 16. Qa3 Bxb4+ 17. Qxb4 Ne4 18. Bd3 Qb6 19. Bxe4 dxe4 20. dxe5 O-O-O
21. O-O-O Kb8 22. Rd6 Rxd6 23. Qxd6+ Qxd6 24. Nxd6 Nxe5 25. Nxe4 Rg8 26. g4 Ng6
27. Nf6 Rd8 28. Rd1 Rxd1+ 29. Kxd1 Nf4 30. h4 Ng6 31. h5 Ne5 32. f4 1-0

[Event "SG Porz 2 - SV Weidenau/Geisweid 1"]
[Site "NRW-Klasse - Gruppe 1 2018/20"]
[Date "2018.11.18"]
[Round "3.5"]
[White "Donner, Bernd"]
[Black "Finke, Kai"]
[Result "1/2-1/2"]
[WhiteElo "2135"]
[BlackElo "2089"]
[Annotator "Daniel"]
[PlyCount "78"]
[EventDate "2018.??.??"]
[WhiteTeam "SV Weidenau/Geisweid 1"]
[BlackTeam "SG Porz 2"]

1. e4 c5 2. g3 g6 3. Bg2 Bg7 4. Ne2 Nc6 5. O-O e6 6. c3 d5 7. d3 Nge7 8. Nd2
O-O 9. Nf4 Qd6 10. Re1 Rd8 11. Qe2 b5 12. Nf3 dxe4 13. dxe4 Rb8 14. Be3 c4 15.
h4 Bb7 16. a4 Ba6 17. axb5 Bxb5 18. Bxa7 Nxa7 19. Rxa7 e5 20. Nd5 Nxd5 21. exd5
Qc5 22. Rea1 Rxd5 23. Ng5 Rd7 24. Rxd7 Bxd7 25. Qd2 Be8 26. Qd5 Qc7 27. Ra8 h6
28. Ne4 Kh7 $11 29. Rxb8 Qxb8 30. Nd6 Bd7 31. Nxf7 Bf5 32. Nd6 Qxb2 33. Nxf5
Qb1+ 34. Bf1 Qxf5 35. Bxc4 h5 36. Bd3 e4 37. Qxe4 Qxe4 38. Bxe4 Bxc3 39. g4 Kg7
1/2-1/2

[Event "SG Porz 2 - SV Weidenau/Geisweid 1"]
[Site "NRW-Klasse - Gruppe 1 2018/20"]
[Date "2018.11.18"]
[Round "3.6"]
[White "Kagan, Dennis"]
[Black "Waechtler, Frank"]
[Result "1/2-1/2"]
[WhiteElo "1945"]
[BlackElo "1980"]
[PlyCount "59"]
[EventDate "2018.??.??"]
[WhiteTeam "SG Porz 2"]
[BlackTeam "SV Weidenau/Geisweid 1"]

1. e4 Nf6 2. e5 Nd5 3. c4 Nb6 4. d4 d6 5. exd6 cxd6 6. h3 g6 7. Nf3 Bg7 8. Nc3
O-O 9. Be3 Bf5 10. Be2 d5 11. c5 Nc4 12. Qb3 Nc6 13. Qxb7 N4a5 14. Qb5 Rb8 15.
Qa4 Rxb2 16. O-O Qd7 17. Bb5 Rb8 18. Qxa5 R2xb5 19. Qa3 Rb4 20. Rfd1 h6 21. Bf4
R8b7 22. Ne2 g5 23. Ne5 Nxe5 24. Bxe5 f6 25. Bg3 e5 26. Rac1 Qc6 27. Qa5 Kh7
28. Qd8 Rd7 29. Qa5 Rdb7 30. Qd8 1/2-1/2

[Event "SG Porz 2 - SV Weidenau/Geisweid 1"]
[Site "NRW-Klasse - Gruppe 1 2018/20"]
[Date "2018.11.18"]
[Round "3.8"]
[White "Kremser, Michael"]
[Black "Piskorz, Andreas"]
[Result "1-0"]
[WhiteElo "1998"]
[BlackElo "1898"]
[PlyCount "39"]
[EventDate "2018.??.??"]
[WhiteTeam "SG Porz 2"]
[BlackTeam "SV Weidenau/Geisweid 1"]

1. d4 Nf6 2. c4 e6 3. Nf3 d5 4. Nc3 Be7 5. e3 O-O 6. Bd3 b6 7. O-O Bb7 8. Qe2
c5 9. dxc5 bxc5 10. Rd1 Qc7 11. b3 Nc6 12. Bb2 Rfd8 13. cxd5 exd5 14. Rac1 Nb4
15. Bb1 Ba6 16. Qe1 c4 17. Nd4 Ng4 18. Nf3 Ne5 19. Nxe5 Qxe5 20. Nxd5 1-0

[Event "SF Brackel 1 - SG Porz 2"]
[Site "NRW-Klasse - Gruppe 1 2018/20"]
[Date "2018.12.09"]
[Round "4.1"]
[White "Suvorov, Alexander"]
[Black "Luft, Dennis"]
[Result "0-1"]
[WhiteElo "2229"]
[BlackElo "2249"]
[PlyCount "120"]
[EventDate "2018.??.??"]
[WhiteTeam "SG Porz 2"]
[BlackTeam "SF Brackel 1"]

1. d4 d5 2. c4 e6 3. Nc3 Bb4 4. Nf3 Nf6 5. Bg5 dxc4 6. Bxf6 Qxf6 7. e3 b5 8. a4
c6 9. Ne5 Bb7 10. Be2 Nd7 11. Nxd7 Kxd7 12. O-O Bxc3 13. bxc3 Kc7 14. Qb1 a6
15. e4 e5 16. d5 Qd6 17. Rd1 Rhd8 18. dxc6 Qxc6 19. Qb4 Rd6 20. Rxd6 Qxd6 21.
Qa5+ Qb6 22. Qb4 Kc6 23. Bg4 Rd8 24. axb5+ axb5 25. Qe7 Qc7 26. Qg5 Rd6 27. h3
f6 28. Qc1 Qb6 29. Qb2 Qc5 30. h4 Kc7 31. Qc2 Kd8 32. h5 g6 33. hxg6 hxg6 34.
Qc1 g5 35. Bf5 Kc7 36. Qb2 Rd3 37. Rc1 g4 38. Bxg4 Bxe4 39. Qa2 Bb7 40. Qa5+
Kb8 41. Bh3 e4 42. Re1 f5 43. Qa1 Rd2 44. Rf1 e3 45. Qe1 f4 46. fxe3 fxe3 47.
Qg3+ Ka7 48. Ra1+ Kb6 49. Kh2 e2 50. Re1 Rd1 51. Bg4 Rxe1 52. Qxe1 Qe5+ 53. Kh1
Qe3 54. Qxe2 Qxc3 55. Be6 Qh8+ 56. Kg1 Qd4+ 57. Kf1 Be4 58. Qg4 Bd3+ 59. Ke1
Qe3+ 60. Kd1 c3 0-1

[Event "SF Brackel 1 - SG Porz 2"]
[Site "NRW-Klasse - Gruppe 1 2018/20"]
[Date "2018.12.09"]
[Round "4.2"]
[White "Kartsev, Soel"]
[Black "Suvorov, Luca"]
[Result "0-1"]
[WhiteElo "2212"]
[BlackElo "2140"]
[PlyCount "148"]
[EventDate "2018.??.??"]
[WhiteTeam "SF Brackel 1"]
[BlackTeam "SG Porz 2"]

1. c4 Nf6 2. Nc3 e6 3. e4 d5 4. e5 d4 5. exf6 dxc3 6. bxc3 Qxf6 7. d4 c5 8. Nf3
cxd4 9. cxd4 Bb4+ 10. Bd2 Bxd2+ 11. Qxd2 O-O 12. Be2 Rd8 13. Rd1 Nc6 14. Qe3 b6
15. O-O Ba6 16. Rd2 Rac8 17. Rc1 Qe7 18. h3 Na5 19. Rdc2 Rc7 20. Bd3 Rdc8 21.
Qe4 g6 22. Qe2 Qb4 23. Ne5 Nc6 24. Nf3 Qa4 25. d5 Nb4 26. dxe6 Nxc2 27. exf7+
Rxf7 28. Rxc2 Re8 29. Qd2 Qc6 30. Ng5 Bb7 31. f3 Rd7 32. c5 b5 33. a4 a6 34.
axb5 axb5 35. Qf4 h6 36. Be4 Qc7 37. Qxc7 Rxc7 38. Bxb7 Rxb7 39. Ne4 Reb8 40.
c6 Rc7 41. Nf6+ Kf7 42. Nd5 Rcc8 43. Nb4 Ke6 44. Kf2 Ra8 45. Rc5 Ra5 46. Ke3
Kd6 47. Rd5+ Kc7 48. Kd4 Kb6 49. Rd7 Rxc6 50. Nxc6 Kxc6 51. Rg7 Ra4+ 52. Kc3 g5
53. Rg6+ Kc5 54. Rxh6 Ra3+ 55. Kb2 Re3 56. Rh5 Kc4 57. Rxg5 Re2+ 58. Kc1 b4 59.
Rg8 Kc3 60. Kd1 Rd2+ 61. Ke1 Rd4 62. Rc8+ Kb2 63. g4 b3 64. h4 Ka3 65. Rc3 Kb4
66. Rc1 b2 67. Rb1 Kc3 68. h5 Rd2 69. g5 Rh2 70. Rxb2 Kxb2 71. h6 Kc3 72. Kf1
Kd4 73. Kg1 Rh5 74. Kf2 Rxg5 0-1

[Event "SF Brackel 1 - SG Porz 2"]
[Site "NRW-Klasse - Gruppe 1 2018/20"]
[Date "2018.12.09"]
[Round "4.3"]
[White "Liard, Thibaud"]
[Black "Fluechter, Gregor"]
[Result "0-1"]
[WhiteElo "2107"]
[BlackElo "2130"]
[PlyCount "110"]
[EventDate "2018.??.??"]
[WhiteTeam "SG Porz 2"]
[BlackTeam "SF Brackel 1"]

1. d4 d5 2. Bf4 Nf6 3. e3 c5 4. c3 Nc6 5. Nd2 Bf5 6. Qb3 Qc8 7. Ngf3 e6 8. Be2
Be7 9. O-O h6 10. dxc5 Bxc5 11. c4 d4 12. exd4 Bxd4 13. Bd6 Nd7 14. c5 Bxc5 15.
Bxc5 Nxc5 16. Qc3 Ne4 17. Nxe4 Bxe4 18. Qxg7 Ke7 19. Rac1 Qc7 20. Qg4 Bd5 21.
Bc4 Bxf3 22. Qxf3 Qa5 23. Rfd1 Rhd8 24. Qf4 Qe5 25. Qxe5 Nxe5 26. Be2 Rxd1+ 27.
Rxd1 Rc8 28. f4 Rc2 29. Bf1 Ng6 30. Rd4 Rxb2 31. Ra4 a6 32. g3 Kf6 33. h4 Ne7
34. g4 Nd5 35. a3 Ne3 36. g5+ Kg7 37. Bd3 Rg2+ 38. Kh1 Rg4 39. Rb4 Rxh4+ 40.
Kg1 hxg5 41. Rxb7 Rxf4 42. Ra7 Rd4 43. Be2 Rd2 44. Kf2 Nc2 45. Rxa6 Nd4 46. Ke3
Rxe2+ 47. Kxd4 g4 48. Rb6 g3 49. Rb3 g2 50. Rg3+ Kf6 51. a4 Kf5 52. Kd3 Ra2 53.
Rg7 Ra3+ 54. Ke2 Rxa4 55. Kf3 Rf4+ 0-1

[Event "SF Brackel 1 - SG Porz 2"]
[Site "NRW-Klasse - Gruppe 1 2018/20"]
[Date "2018.12.09"]
[Round "4.4"]
[White "Aulich, Marcell"]
[Black "Sabirov, Ramil"]
[Result "0-1"]
[WhiteElo "2165"]
[BlackElo "2111"]
[PlyCount "64"]
[EventDate "2018.??.??"]
[WhiteTeam "SF Brackel 1"]
[BlackTeam "SG Porz 2"]

1. e4 c5 2. Nf3 e6 3. b3 Be7 4. Bb2 Nf6 5. Nc3 d5 6. exd5 exd5 7. Bb5+ Nc6 8.
Ne5 Qd6 9. d4 cxd4 10. Qxd4 O-O 11. Bxc6 bxc6 12. Na4 Ba6 13. O-O-O c5 14. Qd2
Rfd8 15. f3 Rac8 16. Kb1 d4 17. Rhe1 Nd5 18. Qa5 Bf6 19. Ng4 Nb4 20. Nxf6+ gxf6
21. a3 d3 22. axb4 dxc2+ 23. Kxc2 Bd3+ 24. Kc1 cxb4+ 25. Nc3 Qf4+ 26. Rd2 Bg6
27. Red1 Rd3 28. Qa6 Rcxc3+ 29. Bxc3 bxc3 30. g3 cxd2+ 31. Kb2 Qd4+ 32. Ka2 Rc3
0-1

[Event "SF Brackel 1 - SG Porz 2"]
[Site "NRW-Klasse - Gruppe 1 2018/20"]
[Date "2018.12.09"]
[Round "4.5"]
[White "Ramien, David"]
[Black "Goldschmidt, Christian"]
[Result "1-0"]
[WhiteElo "2108"]
[BlackElo "2174"]
[PlyCount "69"]
[EventDate "2018.??.??"]
[WhiteTeam "SG Porz 2"]
[BlackTeam "SF Brackel 1"]

1. e4 e5 2. Nf3 Nc6 3. Bc4 Nf6 4. d3 h6 5. O-O d6 6. c3 g6 7. h3 Bg7 8. Re1 O-O
9. a4 Be6 10. a5 Bxc4 11. dxc4 Qe7 12. Nbd2 Qe6 13. b3 Nb8 14. Nf1 Na6 15. Qc2
Nh5 16. Ne3 Rad8 17. b4 f5 18. exf5 gxf5 19. Nh4 e4 20. Bd2 Be5 21. Nexf5 Rxf5
22. Nxf5 Qxf5 23. Rxe4 Rf8 24. Bxh6 Nf6 25. Re2 Qxc2 26. Rxc2 Nxb4 27. Re2 Bxc3
28. Rc1 Bd4 29. Bxf8 Kxf8 30. Rb1 c5 31. g4 Be5 32. f4 Bxf4 33. Rf1 Bg5 34. Rf5
Bh4 35. g5 1-0

[Event "SF Brackel 1 - SG Porz 2"]
[Site "NRW-Klasse - Gruppe 1 2018/20"]
[Date "2018.12.09"]
[Round "4.6"]
[White "Steinmetzer, Thomas"]
[Black "Finke, Kai"]
[Result "0-1"]
[WhiteElo "2183"]
[BlackElo "2089"]
[Annotator "Daniel"]
[PlyCount "90"]
[EventDate "2018.??.??"]
[WhiteTeam "SF Brackel 1"]
[BlackTeam "SG Porz 2"]

1. e4 c5 2. Nf3 d6 3. d4 cxd4 4. Nxd4 Nf6 5. Nc3 g6 6. Be3 Bg7 7. f3 Nc6 8. Qd2
Bd7 9. g4 Rc8 10. g5 Nh5 11. f4 O-O 12. Nce2 Qc7 13. c3 a6 14. Ng3 Nxd4 15.
cxd4 Bg4 16. Nxh5 Bxh5 17. Bd3 Qb6 18. Be2 Qc6 19. Bd3 Bf3 20. d5 Qa4 21. O-O
Bxe4 22. b3 Bc3 23. Qf2 Qb4 24. a3 Qxb3 25. Bxe4 Bxa1 26. Rxa1 Rc4 27. Bf3 $11
Rc3 28. Re1 Rfc8 29. Bg4 R8c7 30. Bb6 R7c4 31. Rxe7 Rc1+ 32. Kg2 R1c2 33. Re8+
Kg7 34. Be2 Qa4 35. Re3 Rxf4 36. Qe1 Re4 37. Qa1+ Kg8 38. Qf6 Rxe2+ 39. Kf3
Rf2+ 40. Kxf2 Rf4+ 41. Kg3 Rxf6 42. gxf6 g5 43. Bd4 h5 44. Re4 Kh7 45. Kf3 Qb3+
0-1

[Event "SF Brackel 1 - SG Porz 2"]
[Site "NRW-Klasse - Gruppe 1 2018/20"]
[Date "2018.12.09"]
[Round "4.7"]
[White "Paulus, Jeffrey"]
[Black "Korten, Lando"]
[Result "0-1"]
[WhiteElo "1975"]
[BlackElo "2107"]
[PlyCount "154"]
[EventDate "2018.??.??"]
[WhiteTeam "SG Porz 2"]
[BlackTeam "SF Brackel 1"]

1. d4 Nf6 2. c4 g6 3. Nc3 Bg7 4. e4 d6 5. f4 O-O 6. Nf3 c5 7. d5 e6 8. Be2 exd5
9. cxd5 Nbd7 10. O-O Re8 11. Qc2 c4 12. Kh1 Nc5 13. Nd2 b5 14. Nxb5 Nfxe4 15.
Nxe4 Rxe4 16. Bf3 Bf5 17. Bxe4 Bxe4 18. Qf2 Nd3 19. Qg3 Bxd5 20. f5 Be5 21. Bf4
Nxf4 22. Rxf4 g5 23. Raf1 f6 24. Qg4 h5 25. Qd1 Bf7 26. R4f2 Qb6 27. Nc3 Kg7
28. Rd2 Qa5 29. Qf3 Rb8 30. Qc6 d5 31. Rfd1 d4 32. Ne4 Qd5 33. Qxd5 Bxd5 34.
Nc5 Rb5 35. Ne6+ Bxe6 36. fxe6 Kf8 37. Rc2 Rc5 38. Kg1 d3 39. Rcd2 Bf4 40. Kf2
Ke7 41. g3 Bxd2 42. Rxd2 Kxe6 43. Ke3 Ke5 44. Rf2 Rb5 45. b3 cxb3 46. axb3 d2
47. Rxd2 Rxb3+ 48. Kf2 a5 49. Ra2 Rb5 50. Ra4 Kd6 51. h4 Re5 52. Rc4 Kd5 53.
Rc8 Kd4 54. Rc6 gxh4 55. gxh4 Kd3 56. Rxf6 a4 57. Ra6 Re4 58. Kg3 Kc3 59. Ra5
Kb3 60. Rxh5 a3 61. Rf5 a2 62. Rf3+ Ka4 63. Rf1 Rb4 64. h5 Rb1 65. Rf8 a1=Q 66.
Ra8+ Kb5 67. Rxa1 Rxa1 68. Kf4 Kc6 69. Kf5 Rh1 70. Kg6 Kd7 71. h6 Ke7 72. Kg7
Rg1+ 73. Kh8 Kf6 74. Kh7 Kf7 75. Kh8 Ra1 76. Kh7 Ra6 77. Kh8 Rxh6# 0-1

[Event "SF Brackel 1 - SG Porz 2"]
[Site "NRW-Klasse - Gruppe 1 2018/20"]
[Date "2018.12.09"]
[Round "4.8"]
[White "Boehm, Juergen"]
[Black "Gallasch, Jonas"]
[Result "0-1"]
[WhiteElo "2137"]
[BlackElo "2064"]
[PlyCount "66"]
[EventDate "2018.??.??"]
[WhiteTeam "SF Brackel 1"]
[BlackTeam "SG Porz 2"]

1. d4 Nf6 2. Bg5 Ne4 3. Bf4 d5 4. e3 e6 5. Bd3 Nf6 6. Nf3 Be7 7. h3 Nbd7 8. O-O
O-O 9. c4 b6 10. Nc3 Bb7 11. cxd5 Nxd5 12. Nxd5 exd5 13. Qc2 c5 14. Bxh7+ Kh8
15. Bd3 c4 16. Be2 b5 17. Ne5 Nxe5 18. Bxe5 Bd6 19. Bxd6 Qxd6 20. Bf3 f5 21. g3
Qh6 22. h4 Rf6 23. Kg2 Raf8 24. Qc3 Kg8 25. b3 Rg6 26. bxc4 bxc4 27. Rab1 Bc6
28. Qa5 f4 29. exf4 Qxf4 30. Bxd5+ Bxd5+ 31. Qxd5+ Kh7 32. Qxc4 Qf3+ 33. Kh2
Rf4 0-1

[Event "Schach Nienberge 1 - SV Letmathe 1"]
[Site "NRW-Klasse - Gruppe 1 2018/20"]
[Date "2018.12.09"]
[Round "4.1"]
[White "Kolosowski, Mateusz"]
[Black "Remmeke, Hans"]
[Result "1-0"]
[WhiteElo "2441"]
[BlackElo "2133"]
[PlyCount "103"]
[EventDate "2018.??.??"]
[WhiteTeam "SV Letmathe 1"]
[BlackTeam "Schach Nienberge 1"]

1. c4 e5 2. e3 Nf6 3. Nc3 d6 4. Nf3 Nbd7 5. d4 c6 6. Be2 Be7 7. O-O O-O 8. Qc2
Re8 9. Rd1 Qc7 10. b4 exd4 11. Nxd4 a6 12. Bb2 Nf8 13. Rd2 Bd7 14. Rad1 Rad8
15. Nf5 Bxf5 16. Qxf5 Ng6 17. a3 Nf8 18. Qh3 N8d7 19. Rd4 b5 20. Qg3 Ne5 21.
cxb5 axb5 22. Ne4 d5 23. Nxf6+ Bxf6 24. R4d2 Qe7 25. Qf4 Ra8 26. Rc2 Ra6 27. h3
Nc4 28. Bc1 g6 29. Bf1 Qe6 30. e4 d4 31. Qg3 Rea8 32. Qb3 Nxa3 33. Qxe6 fxe6
34. Bxa3 Rxa3 35. Rxc6 Rb3 36. Bxb5 Rxb4 37. Bc4 Rd8 38. Bxe6+ Kg7 39. Bd5 Rd7
40. g3 Bd8 41. Rd3 Bb6 42. Kg2 Rb2 43. Bb3 Ba7 44. e5 Re2 45. e6 Re7 46. Rd6
Rb2 47. Rf3 Bc5 48. Rd5 Bb6 49. Rd6 Bc5 50. Rd8 Rb1 51. g4 g5 52. Rd5 1-0

[Event "Schach Nienberge 1 - SV Letmathe 1"]
[Site "NRW-Klasse - Gruppe 1 2018/20"]
[Date "2018.12.09"]
[Round "4.2"]
[White "Gottkehaskamp, Philipp"]
[Black "Podzielny, Karl-Heinz"]
[Result "1-0"]
[WhiteElo "2034"]
[BlackElo "2344"]
[PlyCount "109"]
[EventDate "2018.??.??"]
[WhiteTeam "Schach Nienberge 1"]
[BlackTeam "SV Letmathe 1"]

1. e4 c5 2. Nf3 e6 3. d4 cxd4 4. Nxd4 a6 5. Nc3 Qc7 6. Bd3 Nf6 7. Qe2 d6 8. f4
b5 9. a3 Bb7 10. g4 Be7 11. g5 Nfd7 12. f5 e5 13. Nb3 Nb6 14. Na5 Bc8 15. Bd2
N8d7 16. Bxb5 axb5 17. Nxb5 Qxc2 18. Rc1 Qxc1+ 19. Bxc1 Rxa5 20. Bd2 Rxb5 21.
Qxb5 Bb7 22. a4 Bxe4 23. Rf1 d5 24. f6 gxf6 25. gxf6 Bd8 26. b3 d4 27. Bh6 Nd5
28. Bg7 Nc3 29. Qb4 Rg8 30. Qd6 Nd5 31. b4 N5xf6 32. Bxf6 Rg6 33. Bxe5 Rxd6 34.
Bxd6 Bh4+ 35. Bg3 Be7 36. b5 f5 37. Bc7 Nc5 38. a5 Kd7 39. Bb6 Bd3 40. Rf3 Be4
41. Rh3 f4 42. a6 Ne6 43. a7 f3 44. Rxh7 d3 45. Ba5 Nd4 46. Bd2 Nb3 47. Bg5
Bxh7 48. a8=Q Bxg5 49. Qd5+ Kc7 50. Qxb3 d2+ 51. Kd1 f2 52. Qf7+ Kd6 53. Qxf2
Ke5 54. Qc5+ Kf6 55. Qf8+ 1-0

[Event "Schach Nienberge 1 - SV Letmathe 1"]
[Site "NRW-Klasse - Gruppe 1 2018/20"]
[Date "2018.12.09"]
[Round "4.5"]
[White "Schleining, Zoya"]
[Black "Kemper, Georg"]
[Result "1-0"]
[WhiteElo "2327"]
[BlackElo "1998"]
[PlyCount "55"]
[EventDate "2018.??.??"]
[WhiteTeam "SV Letmathe 1"]
[BlackTeam "Schach Nienberge 1"]

1. Nf3 e6 2. c4 f5 3. g3 b6 4. Bg2 Bb7 5. O-O Nf6 6. d4 d5 7. Nc3 c6 8. Ne5 Bd6
9. cxd5 exd5 10. Qc2 g6 11. Bg5 O-O 12. f4 Kg7 13. g4 Qc8 14. Bxf6+ Kxf6 15.
Bh3 Kg7 16. gxf5 gxf5 17. e4 dxe4 18. Nxe4 Bxe5 19. dxe5 c5 20. Nd6 Qc6 21.
Nxb7 Qxb7 22. Qg2+ Qxg2+ 23. Bxg2 Na6 24. Bxa8 Rxa8 25. Rad1 Nb4 26. Rd7+ Kh6
27. Rf3 Kh5 28. Rg7 1-0

[Event "Schach Nienberge 1 - SV Letmathe 1"]
[Site "NRW-Klasse - Gruppe 1 2018/20"]
[Date "2018.12.09"]
[Round "4.6"]
[White "Althoff, Franz"]
[Black "Soukup, Jiri"]
[Result "0-1"]
[WhiteElo "1990"]
[BlackElo "2344"]
[PlyCount "62"]
[EventDate "2018.??.??"]
[WhiteTeam "Schach Nienberge 1"]
[BlackTeam "SV Letmathe 1"]

1. Nf3 f5 2. d4 Nf6 3. c4 g6 4. Bf4 Bg7 5. Nc3 O-O 6. e3 d6 7. Bd3 c6 8. O-O
Nh5 9. Bg5 Qe8 10. d5 Nd7 11. Bh4 Ndf6 12. Nd4 Ng4 13. Be2 Nhf6 14. h3 Nh6 15.
dxc6 bxc6 16. Bf3 Bd7 17. Nb3 Nf7 18. e4 g5 19. Bg3 f4 20. Bh2 Ne5 21. Be2 Qg6
22. c5 g4 23. Bxf4 gxh3 24. g3 Nxe4 25. Bh5 Nxc3 26. bxc3 Qe4 27. f3 Qf5 28.
Bg4 Nxg4 29. fxg4 Qe4 30. Rf2 e5 31. Qxd6 exf4 0-1

[Event "Schach Nienberge 1 - SV Letmathe 1"]
[Site "NRW-Klasse - Gruppe 1 2018/20"]
[Date "2018.12.09"]
[Round "4.7"]
[White "Gruermann, Martin"]
[Black "Haas, Kai"]
[Result "1-0"]
[WhiteElo "2208"]
[BlackElo "1931"]
[PlyCount "79"]
[EventDate "2018.??.??"]
[WhiteTeam "SV Letmathe 1"]
[BlackTeam "Schach Nienberge 1"]

1. e4 d5 2. exd5 Nf6 3. d4 Bg4 4. Nf3 Qxd5 5. Be2 Nc6 6. c4 Qf5 7. h3 Bxf3 8.
Bxf3 Qe6+ 9. Be2 O-O-O 10. Be3 Qf5 11. O-O e6 12. Nc3 Be7 13. a3 Rd7 14. g4 Qa5
15. b4 Bxb4 16. axb4 Qxb4 17. Qc2 Nxd4 18. Bxd4 Rxd4 19. Rxa7 Ne8 20. Rb1 Qc5
21. Qa4 Qc6 22. Raxb7 Qxa4 23. Nxa4 h5 24. Rb8+ Kd7 25. Rd1 Rxd1+ 26. Bxd1 hxg4
27. hxg4 Rh6 28. c5 Rg6 29. Be2 Nf6 30. Bb5+ Ke7 31. f3 Nd5 32. Kf2 e5 33. Re8+
Kf6 34. Bc4 Nf4 35. Nc3 Rh6 36. Ne4+ Kg6 37. Rxe5 f6 38. Re7 Rh2+ 39. Kg3 Rc2
40. Bf7+ 1-0